<?xml version="1.0" encoding="UTF-8"?>
<record
    xmlns:xsi="http://www.w3.org/2001/XMLSchema-instance"
    xsi:schemaLocation="http://www.loc.gov/MARC21/slim http://www.loc.gov/standards/marcxml/schema/MARC21slim.xsd"
    xmlns="http://www.loc.gov/MARC21/slim">

  <leader>02821nab a2200445 i 4500</leader>
  <controlfield tag="001">31370</controlfield>
  <controlfield tag="003">FINmELB</controlfield>
  <controlfield tag="005">20241216220643.0</controlfield>
  <controlfield tag="006">m     o  d |      </controlfield>
  <controlfield tag="007">cr cnu||||||||</controlfield>
  <controlfield tag="008">230918c20019999mx tr p  o    0    0spa d</controlfield>
  <datafield tag="022" ind1=" " ind2=" ">
    <subfield code="a">1870-3925</subfield>
  </datafield>
  <datafield tag="035" ind1=" " ind2=" ">
    <subfield code="a">(OCoLC)1399430791</subfield>
  </datafield>
  <datafield tag="040" ind1=" " ind2=" ">
    <subfield code="a">FINmELB</subfield>
    <subfield code="b">spa</subfield>
    <subfield code="e">rda</subfield>
    <subfield code="c">FINmELB</subfield>
  </datafield>
  <datafield tag="050" ind1=" " ind2="4">
    <subfield code="a">HM51</subfield>
    <subfield code="b">.L373 2001</subfield>
  </datafield>
  <datafield tag="080" ind1=" " ind2=" ">
    <subfield code="a">316</subfield>
  </datafield>
  <datafield tag="082" ind1="0" ind2="4">
    <subfield code="a">301</subfield>
    <subfield code="2">23</subfield>
  </datafield>
  <datafield tag="100" ind1="1" ind2=" ">
    <subfield code="a">Lara Rivero, Arturo,</subfield>
    <subfield code="e">autor.</subfield>
  </datafield>
  <datafield tag="245" ind1="1" ind2="0">
    <subfield code="a">Convergencia tecnol&#xF3;gica y nacimiento de las maquiladoras de tercera generaci&#xF3;n :</subfield>
    <subfield code="b">el caso Delphi-Ju&#xE1;rez /</subfield>
    <subfield code="c">Arturo Lara Rivero.</subfield>
  </datafield>
  <datafield tag="264" ind1=" " ind2="1">
    <subfield code="a">Hermosillo :</subfield>
    <subfield code="b">El Colegio de Sonora,</subfield>
    <subfield code="c">2001.</subfield>
  </datafield>
  <datafield tag="310" ind1=" " ind2=" ">
    <subfield code="a">Cuatrimestral</subfield>
  </datafield>
  <datafield tag="336" ind1=" " ind2=" ">
    <subfield code="a">texto</subfield>
    <subfield code="b">txt</subfield>
    <subfield code="2">rdacontent/spa</subfield>
  </datafield>
  <datafield tag="337" ind1=" " ind2=" ">
    <subfield code="a">computadora</subfield>
    <subfield code="b">c</subfield>
    <subfield code="2">rdamedia/spa</subfield>
  </datafield>
  <datafield tag="338" ind1=" " ind2=" ">
    <subfield code="a">recurso en l&#xED;nea</subfield>
    <subfield code="b">cr</subfield>
    <subfield code="2">rdacarrier/spa</subfield>
  </datafield>
  <datafield tag="362" ind1="0" ind2=" ">
    <subfield code="a">1989-</subfield>
  </datafield>
  <datafield tag="520" ind1=" " ind2=" ">
    <subfield code="a">El objetivo de este trabajo es el de explicar el nacimiento de un moderno, in&#xE9;dito centro de investigaci&#xF3;n y desarrollo de autopartes electr&#xF3;nicas: Delphi - Ju&#xE1;rez. La pregunta b&#xE1;sica que gu&#xED;a este trabajo es la siguiente: &#xBF;cu&#xE1;les son las implicaciones de la convergencia tecnol&#xF3;gica electr&#xF3;nica/automotriz sobre el n&#xFA;mero, distribuci&#xF3;n espacial y jer&#xE1;rquica de los proveedores? Esta convergencia tecnol&#xF3;gica viene a revalorizar las antiguas funciones el&#xE9;ctricas (y tanto a los viejos proveedores de partes el&#xE9;ctricas maduras como a los proveedores de arneses) y a insertarlas en una nueva jerarqu&#xED;a tecnol&#xF3;gica con interacciones m&#xE1;s intensas entre proveedores de arneses, l&#xE9;ase maquiladoras del sector autopartes electr&#xF3;nicos/el&#xE9;ctricos y las empresas propiamente automotrices. Resulta imprescindible leer la formaci&#xF3;n del centro de investigaci&#xF3;n y desarrollo Delphi-Ju&#xE1;rez desde la perspectiva de los procesos de convergencia, resoluci&#xF3;n de desequilibrios tecnol&#xF3;gicos y coevoluci&#xF3;n tecnol&#xF3;gica del campo electr&#xF3;nico y automotriz.</subfield>
  </datafield>
  <datafield tag="588" ind1=" " ind2=" ">
    <subfield code="a">Descripci&#xF3;n basada en metadatos suministrados por el editor y otras fuentes.</subfield>
  </datafield>
  <datafield tag="588" ind1=" " ind2=" ">
    <subfield code="a">Descripci&#xF3;n basada en Regi&#xF3;n y sociedad, vol. 13, no. 21 (enero-julio, 2001), P. 47-77.</subfield>
  </datafield>
  <datafield tag="590" ind1=" " ind2=" ">
    <subfield code="a">Recurso electr&#xF3;nico. Santa Fe, Arg.: elibro, 2023. Disponible v&#xED;a World Wide Web. El acceso puede estar limitado para las bibliotecas afiliadas a elibro.</subfield>
  </datafield>
  <datafield tag="650" ind1=" " ind2="4">
    <subfield code="a">Autopartes electr&#xF3;nicas.</subfield>
  </datafield>
  <datafield tag="650" ind1=" " ind2="4">
    <subfield code="a">Convergencia.</subfield>
  </datafield>
  <datafield tag="650" ind1=" " ind2="4">
    <subfield code="a">Desequilibrios tecnol&#xF3;gicos.I</subfield>
  </datafield>
  <datafield tag="650" ind1=" " ind2="4">
    <subfield code="a">Empresas automotrices.</subfield>
  </datafield>
  <datafield tag="650" ind1=" " ind2="4">
    <subfield code="a">Maquiladoras.</subfield>
  </datafield>
  <datafield tag="650" ind1=" " ind2="4">
    <subfield code="a">nvestigaci&#xF3;n y desarrollo.</subfield>
  </datafield>
  <datafield tag="655" ind1=" " ind2="4">
    <subfield code="a">Art&#xED;culos electr&#xF3;nicos.</subfield>
  </datafield>
  <datafield tag="773" ind1="1" ind2=" ">
    <subfield code="t">Regi&#xF3;n y sociedad.</subfield>
    <subfield code="x">ISSN1870-3925</subfield>
    <subfield code="d">Hermosillo : El Colegio de Sonora.</subfield>
    <subfield code="g">vol. 13, no. 21 (enero-julio, 2001), p. 47-77</subfield>
  </datafield>
  <datafield tag="797" ind1="2" ind2=" ">
    <subfield code="a">elibro, Corp.</subfield>
  </datafield>
  <datafield tag="856" ind1="4" ind2="0">
    <subfield code="u">https://elibro.net/ereader/politecnicointernacional/26170</subfield>
  </datafield>
  <datafield tag="999" ind1=" " ind2=" ">
    <subfield code="c">31370</subfield>
    <subfield code="d">31370</subfield>
  </datafield>
</record>
